000 01115nam a2200337 a 4500
001 000108829
003 CHAP
005 20220329144026.0
008 140314s2012 it d |r| ||||||spa d
010 _a105291
011 _a106263
020 _a9789253071197
040 _cCHAP
082 0 4 _a641.30218
_bF262p
110 2 _aFAO. Comisión del Codex Alimentarius
_939482
245 1 0 _aPrevención y reducción de la contaminación de los alimentos y piensos /
_cpor FAO. Comisión del Codex Alimentarius.
260 _aRoma :
_bFAO :
_bOMS,
_c2012.
300 _a192 p. :
_bdiagrs.
490 1 _aPrograma conjunto FAO/OMS sobre normas alimentarias
590 _aE5995AHE
_b05
_c20140314
_lUCH01
_h0922
590 _aE5995AHE
_b05
_c20140314
_lUCH01
_h0954
590 _aE5995AHE
_b05
_c20140314
_lUCH01
_h1112
650 4 _aAlimentos
_xAnálisis.
_94164
650 4 _aAlimentos
_xContaminación.
_94205
650 4 _aPiensos.
_988012
710 0 _aWorld Health Organization.
_9122724
830 0 _aPrograma conjunto FAO/OMS sobre normas alimentarias
_992254
901 _aBK
942 _cLIBRO
942 _n0
999 _c105291
_d105291